[Event "Corus Wijk aan Zee"]
[Site " Wijk aan Zee"]
[Date "2007.01.26"]
[Round "11"]
[White "GM Aronian, Levon (ARM) "]
[Black "GM Karjakin, Sergey (UKR)"]
[Result "1-0"]
[WhiteElo "2744"]
[BlackElo "2678"]
[Annotator "Ìèõàèë Êðîéòîð"]
[PlyCount "93"]
[EventDate "2007.01.??"]
[EventType "tourn"]
[EventCountry "NED"]
[EventCategory "19"]
[Source "CrestBook.com"]

1. d4 Nf6 2. c4 e6 3. g3 d5 {Êàòàëîíêà.} 4. Nf3 Be7 5. Bg2 O-O 6. O-O dxc4 7.
Qc2 a6 8. Qxc4 b5 9. Qc2 Bb7 10. Bd2 Ra7 11. Rc1 Be4 12. Qb3 Nc6 13. e3 Qa8 14.
Qd1 Nb8 15. Ba5 Bd6 $146 {Ëîêàëüíàÿ íîâèíêà. Äî ñèõ ïîð ãðîññìåéñòåðû
ïîâòîðÿëè ïàðòèè Ïîíîìàð,â - Àíàíäîì è Êðàìíèê - Àíàíä. Ñåðãåé, ïîõîæå õîðîøî
çàïîìíèë, ÷òî çàùèùàòü ëàäü,é ïåøêó ñ7 ìàëî òîëêó. Åé óãîòîâàíà äðóãàÿ
ó÷àñòü.} ({ðàâäà, ïåðâàÿ âñòðå÷à áûñòðî ïðèøëà ê íè÷åéíîìó èñõîäó:} 15...
Rc8 16. Bb6 Rb7 17. Bc5 Bxc5 18. dxc5 Ra7 19. Nbd2 Bd5 20. Qc2 a5 21. a3 a4 22.
Qd3 {1/2-1/2 Ponomariov,R (2723)-Anand,V (2779)/Wijk aan Zee NED 2007/The Week
in Chess 636}) ({À âîò Âëàäèìèð Êðàìíèê âûèãðàë ó Àíàíäà, ïðèìåíèâ (ïîñëå} 
15... Rc8 {)} 16. a3 $1 Bd6 17. Nbd2 Bd5 18. Qf1 Nbd7 19. b4 e5 20. dxe5 Bxe5
21. Nxe5 Nxe5 22. f3 Nc4 23. Nxc4 Bxc4 24. Qf2 Re8 25. e4 {è ò.ä.} c6 26. Rd1
Rd7 27. Rxd7 Nxd7 28. Rd1 Qb7 29. Rd6 f6 30. f4 Re6 31. Rd2 Re7 32. Qd4 Nf8 33.
Qd8 Rd7 34. Rxd7 Qxd7 35. Qxd7 Nxd7 36. e5 fxe5 37. Bxc6 Nf6 38. Bb7 exf4 39.
gxf4 Nd5 40. Kf2 Nxf4 41. Ke3 g5 42. Bxa6 Kf7 43. a4 Ke7 44. Bxb5 Bxb5 45. axb5
Kd7 46. Ke4 Ne2 47. Bb6 g4 48. Bf2 Nc3+ 49. Kf5 Nxb5 50. Kxg4 Ke6 51. Kg5 Kf7
52. Kf5 Ke7 53. Bc5+ {1-0 Kramnik,V (2766)-Anand,V (2779)/Wijk aan Zee NED 2007
}) 16. a3 {Ïàðèðóÿ óãðîçó b5-b4 è Nb8-c6.} Nbd7 17. Nbd2 Bd5 18. Qf1 {
Ëåâîí ïðîâîäèò ïî÷òè òîò æå ÷åìïèîíñêèé ïëàí. Ïëàí ýòîò, ïî-âèäèìîìó,
ÿâëÿåòñÿ óíèâåðñàëüíûì. Íåñìîòðÿ íà íåêîòîðîå ðàçëè÷èå â ïîëîæåíèè ôèãóð
îòíîñèòåëüíî ïàðòèè Êðàìíèê - Àíàíä, áåëûå ïîëó÷àþò ïåðåâåñ.} ({
Ìàëî ÷òî äà,ò áåëûì} 18. Qe2 e5 19. dxe5 Nxe5 20. Nxe5 Bxg2 21. Ndf3 Bxf3 (
21... Bh3 22. Nc6 $1) 22. Nxf3 $11) {Íî ÷¸ðíûå óæå ïîäãîòîâèëè îñâîáîæäàþùåå}
18... c5 {Â ñâî, âðåìÿ îäèí èç øàõìàòèñòîâ ñêàçàë, ÷òî ñëàáûå ïåøêè íóæíî
äâèãàòü. Îäíàêî, ñëåäóåò ïðèçíàòü, ÷òî ïëþñû ýòîãî ïðîäâèæåíèÿ íå î÷åíü-òî
è âèäíû...} 19. dxc5 Bxc5 20. Rc2 Qb7 21. Rac1 Bb6 22. Bxb6 Qxb6 23. Nd4 {
Ñîãëàñèìñÿ, ÷òî áåëûå ïîëó÷èëè íåêîòîðûé ïåðåâåñ!} Ne5 24. Bxd5 Nxd5 {
Áåëûå çàõâàòèëè ëèíèþ «c», îäíàêî íå ìîãóò å, ïîêà ÷òî èñïîëüçîâàòü. 
Ïîñëåäóþùèé õîä ïðåäâàðÿåò âòîðæåíèå:} 25. N4f3 ({
Ìîæíî áûëî ïîëó÷èòü â ñâî, ðàñïîðÿæåíèå ïóíêò ñ6 è ïî-äðóãîìó:} 25. Nc6 Nxc6
26. Rxc6 Qb8 27. Qe2 {ñ íåñêîëüêî ëó÷øåé ïîçèöèåé áåëûõ.}) 25... Nxf3+ 26.
Nxf3 Rd8 27. Qd3 ({Åñëè áåëûå ïûòàþòñÿ ðàçâèâàòü èíèöèàòèâó äðóãèì ñïîñîáîì -
} 27. Ne5 {, òî ÷¸ðíûå âûçûâàþò ðàçìåí ïàðû ëàäåé ïóò¸ì} Rc7 28. Rxc7 Nxc7 {
. Îäíàêî ñëåäóåò} 29. Qe1 $1 {è ó áåëûõ, ïî-ìîåìó, íåêîòîðûé ïåðåâåñ -} Nd5 ({
èëè} 29... h6 30. e4 $1) 30. e4 Nf6 31. Qb4 {
è ò.ä. Òî åñòü ýòî, êàê ìèíèìóì, «çàñëóæèâàåò âíèìàíèÿ».}) 27... Ne7 {
Ïðèêðûâàÿ ïîëå ñ6.} ({Íà ïóáëèêó èãðàòü áûëî îïàñíî äëÿ æèçíè:} 27... Nf4 $2
28. Qxd8+ $1 Qxd8 29. Rc8 $18) ({Íî íåïëîõî, ïîõîæå, áûëî è} 27... Rad7 28. Ne5
({èëè} 28. Rc6 Qb8) 28... Rd6) 28. Qe4 Rad7 {Íî âñ¸-òàêè, íåîáõîäèìî ïðèçíàòü
÷òî, íåñìîòðÿ íà âñå êîëåáàíèÿ âîêðóã îòìåòêè «ðàâíî», ó ÷¸ðíûõ -
ñòàáèëüíî «íåìíîæêî õóæå».} {Óëó÷øàÿ ïîçèöèþ ñâîèõ ôèãóð.} 29. Kg2 {
Óëó÷øàÿ ïîçèöèþ ñâîèõ ôèãóð.} ({Â ñëó÷àå} 29. Ng5 g6 30. Qh4 h5 31. Ne4 (31.
Qf4 $5) 31... Rd1+ 32. Kg2 Rxc1 33. Rxc1 Nd5 {ïîçèöèÿ óðàâíèâàëàñü.}) 29... f6
{Òåïåðü áåëûé êîíü ïðûãàòü âïåð,ä ñ ïðåæíåé ë,ãêîñòüþ óæå íå ñìîæåò.  È
Àðîíÿí ðåøàåò íà÷àòü ïåøå÷íóþ àòàêó íà êîðîëÿ.} 30. h4 e5 {
Ïûòàÿñü åù¸ áîëüøå îãðàíè÷èâàÿ áåëîãî ñêàêóíà} 31. h5 Qb7 {Â ñâÿçè ñ òåì,
÷òî áåëûå ðàçâèëè íåøóòî÷íóþ èíèöèàòèâó, Êàðÿêèí ïûòàåòñÿ âûçâàòü óïðîùåíèÿ.
Êàê-òî íåçàìåòíî ïåðåä ÷¸ðíûìè âñòàëè äîâîëüíî ñåðü¸çíûå ïðîáëåìû.} ({
Íàïðèìåð, ïîñëå «àêòèâíîãî»} 31... Rd1 {ìîæåò ïîñëåäîâàòü} 32. Rxd1 Rxd1 33.
Nd4 $5 Qd8 (33... exd4 $4 34. Qxe7 {ñ áûñòðûì ìàòîì.}) 34. h6 $1 Qd5 $2 ({
íåñëàäêî ÷¸ðíûì è ïîñëå ëó÷øåãî} 34... Qd7 35. Nc6 Nxc6 36. Rxc6 f5 37. Qc2
Qd5+ 38. e4 Qxe4+ 39. Qxe4 fxe4 40. Rc8+ Kf7 41. Rc7+ Kg6 42. hxg7 Rd8 43. Re7
{- ÿ áû ñêàçàë, ÷òî ÷¸ðíûì òóò òÿæåëîâàòî ïðèä,òñÿ.}) (34... exd4 35. Qe6+
Kf8 36. hxg7+ Kxg7 37. Qg4+) 35. Qxd5+ Nxd5 36. Rc8+ Kf7 37. hxg7 Ne7 (37...
Kxg7 38. Nf5+ Kf7 39. e4) 38. Rc7 exd4 39. Rxe7+ $1 Kg8 {
è ÷¸ðíûì ïîðà ñäàâàòüñÿ, õîòÿ áû âñëåäñòâèå ñëåäóþùåãî âàðèàíòà:} 40. Rd7 d3
41. b4 h6 42. Kf3 Rd2 43. g4 Rd1 44. Kf4 $18 {.}) 32. Qg4 {
Ðàçìåí ôåðçåé â íàìåðåíèÿ áåëûõ íà áëèæàéøèå 100 õîäîâ, êîíå÷íî, æå íå âõîäèò.
} Kf7 33. Rc5 ({Ìîæíî áûëî ïîïðîáîâàòü òêíóòü ïåøå÷êîé:} 33. h6 $5 {è åñëè}
gxh6 34. Qh5+ Kg7 35. Rh1 Qe4 36. Qxh6+ Kg8 37. Rhc1 {
, è ó áåëûõ, â î÷åðåäíîé ðàç, ëó÷øå.}) 33... Rc8 {
Ôåðçÿ âûìåíÿòü íå óäàëîñü, íî ìîæíî óáðàòü ñ äîñêè ïàðó ëàäåé.} 34. Rxc8 Nxc8
35. Qf5 {Ëåâîí õî÷åò ñêóøàòü ïåøêó!} g6 {×¸ðíûå ïåøêè êîðîëåâñêîãî ôëàíãà
îäíà çà îäíîé ïîñòåïåííî èäóò âïåð,ä, îñòàâëÿÿ ñçàäè îäíè ñëàáîñòè.} 36. Qg4
Ne7 37. hxg6+ hxg6 ({Íà} 37... Nxg6 {ñëåäîâàëî} 38. Rh1 (38. Qh3 Kg7 39. Rh1
Kg8 40. Qe6+ Kg7 41. Rc1) 38... Kg7 (38... Kg8 39. Qe6+ Kg7 40. Qh3 Kg8) 39.
Qh3 Kg8 40. Qe6+ Kg7 41. Rc1 {
Î÷åðåäíàÿ ðàçíîâèäíîñòü ïîçèöèè òèïà «à ó áåëûõ ëó÷øå». Íå òàê ëè?}) 38.
Rh1 f5 $2 {À ýòî óæå ñåðü¸çíàÿ îøèáêà, ïîñëå êîòîðîé ôèãóðû ÷¸ðíûõ
îêàçûâàþòñÿ ñâÿçàííûìè.} ({Íåîáõîäèìî áûëî} 38... Kg7 39. Qh4 Qc8 {, íî è â ýò
îì ñëó÷àå óêðàèíñêîìó þíèîðó ïðåäñòîÿëà íåáëàãîäàðíàÿ çàäà÷à çàùèòû õóäøåé
ïîçèöèè - âåäü áåëûå ïðîðâàëèñü!}) 39. Rh7+ (39. Qg5 $5) 39... Ke6 ({Íà} 39...
Ke8 {ïîñëåäîâàëî áû} 40. Qh4 {(ãðîçèì ïîëåçòü íà f6)} Qc6 41. e4 $1 {
È áåëûé êîíü íàêîíåö-òî îêàçûâàåòñÿ ñâîáîäíûì -} Qxe4 ({íå ëó÷øå è} 41... Ng8
42. Rh8 Rg7 43. Qh6 Qf6 44. Qe3 $1) ({è ñîâñåì ïëîõî} 41... fxe4 $4 42. Rh8+)
42. Qxe4 fxe4 43. Nxe5 $18 {, êîíñòðóèðóÿ ýòþäíóþ ìàòîâóþ ñåòü!}) 40. Qg5
Qe4 ({Áîëåå óïîðíûì êàæåòñÿ} 40... Qd5 {, ïûòàÿñü óâåñòè êîðîëÿ ïóò¸ì} 41. Qh6
Qd6 42. Qf8 Kd5 {, îäíàêî -} 43. e4+ $1 fxe4 (43... Kxe4 44. Rh1 $1) 44. Ng5 {
ñ êó÷åé óãðîç.}) 41. Qh6 f4 {Ñîáñòâåííî, ÷¸ðíûå óæå ìîãóò ñäàâàòüñÿ.} ({
À ÷åì áåëûå, ñîáñòâåííî, ãðîçÿò? Íàïðèìåð,} 41... a5 {(íó ýòî, ïðîñòî õîä)}
42. Qf8 {
è ÷¸ðíûå «îáÿçàíû» ïîñòàâèòü ôåðçÿ íà îäíî èç ðîêîâûõ ïîëåé - ñ6 èëè d5.}
Qb7 ({ïîñëå} 42... Qc6 43. Qf7+ Kd6 44. Qf6+ Kc7 45. Qxe5+ Qd6 46. Qxb5 {
îíè îñòàþòñÿ áåç ïàðû ïåøåê ìàëåéøåé êîìïåíñàöèè}) ({ïëîõî è} 42... Nc6 43.
Qe8+ Re7 44. Qxg6+ Kd7 45. Rh6 {è ò.ä.}) 43. b4 $1 axb4 44. axb4 {- öóöãâàíã!}
Qd5 45. e4 $1 {È âñ¸...}) 42. Qf8 Nc6 43. Qc8 Ne7 44. Qe8 ({
Ïî÷åìó áû ïåøå÷êó ïî ïóòè íå ñêóøàòü} 44. Qxa6+ {è ò.ä.?}) 44... Kd6 45. Qf8
Qd5 46. e4 $1 Qe6 ({Èëè} 46... Qg8 47. Qxg8 Nxg8 48. Rxd7+ Kxd7 49. Nxe5+ {
ñ ë,ãêîé ïîáåäîé.}) 47. Ng5 {Âñÿ ïàðòèÿ, êàê ìíå êàæåòñÿ, - ïðåêðàñíàÿ
èëëþñòðàöèÿ ê øàõìàòíîìó òåðìèíó «ïåðåêàòàë»!} 1-0

[Event "Corus Wijk aan Zee"]
[Site " Wijk aan Zee"]
[Date "2007.01.26"]
[Round "11"]
[White "GM Carlsen, Magnus (NOR)"]
[Black "GM van Wely, Loek (NED)"]
[Result "1/2-1/2"]
[WhiteElo "2690"]
[BlackElo "2683"]
[Annotator "Ìèõàèë Êðîéòîð"]
[PlyCount "218"]
[EventDate "2007.01.??"]
[EventType "tourn"]
[EventCountry "NED"]
[EventCategory "19"]
[Source "CrestBook.com"]

1. e4 c5 2. Nf3 d6 3. d4 cxd4 4. Nxd4 Nf6 5. Nc3 a6 6. Be3 e5 7. Nf3 Be7 8. Bc4
O-O 9. Qd3 {Íå÷àñòûé ãîñòü â òóðíèðíîé ïðàêòèêå.} ({Îáû÷íî áåëûå
ïðåäïî÷èòàþò íå ðàñêðûâàòü ñâîèõ ïëàíîâ, à ñíà÷àëà ïîçàáîòèòüñÿ î çàùèòå
êîðîëÿ:} 9. O-O) 9... Nc6 ({Â ïðàêòèêå Âàí Âåëè ýòîò âàðèàíò óæå âñòðå÷àëñÿ.
Â ïàðòèè ñ Òèììàíîì îí ïðåäïî÷,ë ðàçâèòèå êîíÿ íà d7 (ñ ïåðåñòàíîâêîé õîäîâ),
íî áîëüøèõ óñïåõîâ â äåáþòå íå äîñòèã:} 9... Be6 10. O-O-O Bxc4 11. Qxc4 b5
12. Qd3 Nbd7 13. Kb1 Qc7 14. Nd2 Rac8 15. f3 Nc5 16. Bxc5 dxc5 17. Qe2 Rfd8 18.
Nf1 Rxd1+ 19. Nxd1 c4 20. Nfe3 Bb4 21. Nf2 Qb6 22. Nfg4 Nxg4 23. fxg4 c3 {
, õîòÿ ïàðòèÿ çàêîí÷èëàñü âíè÷üþ:} 24. b3 Qa5 25. Qd1 Be7 26. Qd7 Rc7 27.
Qe8+ Bf8 28. Qxe5 Qa3 29. Nd1 Rc5 30. Qf4 b4 31. Qc1 Qxc1+ 32. Kxc1 Rg5 33. Nf2
h5 34. h4 Ra5 35. Kb1 Bc5 36. Nd3 hxg4 37. h5 Be7 38. e5 Rd5 39. h6 Rd4 40. h7+
Kh8 41. Rf1 f6 42. exf6 gxf6 43. Rh1 Bd6 44. Kc1 Bf4+ 45. Kd1 a5 46. Rf1 Be5
47. Rh1 Bf4 48. Rf1 Be5 49. Rh1 Bc7 50. Rh6 Bd8 51. Ke2 Re4+ 52. Kf2 Bb6+ 53.
Kf1 Bd8 54. Kf2 Bb6+ {
1/2-1/2 Timman,J (2629)-Van Wely,L (2700)/Wijk aan Zee 2001/CBM 081}) 10. a3 b5
11. Bd5 Qc7 $146 {×¸ðíûå çàùèùàþò êîíÿ ôåðç,ì.} ({Â ìîåé áàçå âñòðåòèëèñü
âñåãî 2 ïàðòèè, èãðàííûå òàêèì âàðèàíòîì. Â îáåèõ ïàðòèÿõ ÷¸ðíûå âûáèðàëè
äðóãèå çàùèòû - ñëîíîì:} 11... Bb7 12. O-O Qc7 13. Bg5 Rac8 14. Bxc6 Bxc6 15.
Rad1 Nxe4 16. Bxe7 Qxe7 17. Nxe4 d5 18. Neg5 e4 19. Qe3 f5 20. g3 f4 21. gxf4
h6 22. Nh3 g5 23. Kh1 Rf7 24. Ne5 Rg7 25. Nxc6 Rxc6 26. fxg5 {
1-0 Meijers,V (2445)-Boehm,M (2295)/Boeblingen 1997/EXT 2001}) ({
ëèáî ïðîñòî ðàçìåí ñëîíà:} 11... Nxd5 12. Nxd5 Be6 13. O-O Bxd5 14. Qxd5 Rc8
15. Rfc1 Na5 16. b3 Qc7 17. Bd2 Qb6 18. a4 b4 19. c3 bxc3 20. Rxc3 Rxc3 21.
Bxc3 Nc6 22. Rc1 Rb8 23. Bd2 Nb4 24. Qc4 a5 25. h3 h6 26. Qc7 Bf8 27. Qxb6 Rxb6
28. Kf1 f6 29. Rb1 Kf7 30. Nh4 Ke6 31. Ng6 Kf7 32. Nxf8 Kxf8 33. Rc1 Nc6 34.
Be3 Ra6 35. Ke2 Ke7 36. Kd3 Kd7 37. Kc4 Ra8 38. Kb5 Rb8+ 39. Bb6 Nd4+ 40. Ka6
Nxb3 41. Rc7+ Ke6 42. Rxg7 Nd2 43. f3 Nc4 44. Bc7 Rb4 45. Bxa5 Rxa4 46. Kb5
Rxa5+ 47. Kxc4 Ra2 48. Kd3 d5 49. exd5+ Kxd5 50. Ke3 f5 51. Rd7+ Ke6 52. Rd2
f4+ 53. Ke2 Ra6 {
1/2-1/2 Moskovic,D (2251)-James,D (2253)/West Bromwich 2003/EXT 2004}) 12. Bg5
Be6 ({Ïîñëå} 12... Nxd5 13. Nxd5 Qb7 14. h4 $5 f6 15. Be3 Be6 16. h5 f5 17. h6
fxe4 18. Qxe4 {- ó áåëûõ àêòèâíàÿ ïîçèöèÿ.}) 13. Bxf6 {Ðàñïðîñòðàí,ííîå
ïðîäîëæåíèå. Ïîñëå íåãî ñëîí íà f6 ñìîòðèòñÿ, ïî ìåíüøåé ìåðå, ãëóïî.} Bxf6 14.
O-O ({Èíòåðåñíåå (äëÿ çðèòåëåé) âûãëÿäèò ðîêèðîâêà â äëèííóþ ñòîðîíó -} 14.
O-O-O {, ïîñëå êîòîðîé äîëæíà çàâÿçàòüñÿ èíòåðåñíàÿ áîðüáà ñ àòàêàìè íà ðàçíûõ
ôëàíãàõ.}) 14... Rac8 15. Rfd1 Nd4 16. h3 {
Ïðîôèëàêòèêà. Îòíèìàåì ïîëå g4 ó ÷¸ðíîãî ñëîíà.} g6 {Çàìåòíà òÿãà Âàí Âåëè ê
ñëîíó íà g7 - è ñåé÷àñ îí åìó ãîòîâèò ìåñòî. Âïðî÷åì, õîä ïîëåçåí åù¸ è òåì,
÷òî â áóäóùåì ïîìîæåò ïðîâåñòè âûïàä f7-f5.} 17. Rac1 Bg7 18. Qe3 ({
Äëÿ ìèðíî íàñòðîåííûõ òîâàðèùåé åñòü òàêàÿ «ðàçãðóçêà»:} 18. Nxd4 exd4 19.
Ne2 Bxd5 20. exd5 Qc5 21. Nxd4 Qxd5 22. c3 {ñ ðàâåíñòâîì.}) 18... Qb8 19. Qd3
Qc7 {Ïîâòîðèëè ïîçèöèþ, âûãàäàëè âðåìÿ... Òåïåðü ìîæíî è óïðîñòèòü!} 20. Nxd4
exd4 21. Bxe6 {Âèäèìî, íåòî÷íîñòü (21.Nxd4). Êîíå÷íî, ÷¸ðíûå ïîëó÷àþò
ñäâîåííûå ïåøêè, íî âåäü îòêðûâàþòñÿ ëèíèè äëÿ ëàäåé, ÷òî ìîãëî ñêàçàòüñÿ...}
fxe6 ({Âçÿòèå  -} 21... dxc3 $6 {
òàêæå ïðèâîäèëî ê íè÷üåé, íî, êàê ãîâîðèòñÿ â àíåêäîòå, ÷åðåç «ëóìóìáó» -}
22. Bxc8 cxb2 23. Bxa6 bxc1=Q 24. Rxc1 Ra8 25. Bxb5 Bb2 26. Rd1 Rxa3 27. Qxd6
Qxc2 {è, íå ñìîòðÿ íà ëèøíþþ ïåøêó ó áåëûõ, «ïàõíåò» ðàçíîöâåòîì è
ðàâåíñòâîì. Ïðàâäà, çà÷åì æå ïåøêó îòäàâàòü?!}) 22. Ne2 Bh6 23. Rb1 Qxc2 ({
Òóò Âàí Âåëè «ç,âíóë» òàêòè÷åñêèé óäàð -} 23... Rxf2 $5 {
è áðàòü ëàäüþ ïëîõî:} 24. Kxf2 $2 ({íî è ïîñëå ëó÷øåãî -} 24. Nxd4 Rf6 {
ó ÷¸ðíûõ ïåðåâåñ.}) 24... Be3+ 25. Ke1 Qf7) {Òåïåðü èä,ò ñåðèÿ ðàçìåíîâ è
«ïåøêîåäñòâî», êàê ñ òîé, òàê è ñ äðóãîé ñòîðîíû.} 24. Qxc2 Rxc2 25. Nxd4
Rcxf2 26. Nxe6 R8f6 27. Rxd6 Be3 28. Kh1 Kf7 29. Nd8+ Ke7 30. Rxf6 (30. Rd3 $5)
30... Rxf6 {×¸ðíûå ïî÷òè ñòðåíîæèëè êîíÿ!} 31. e5 Rb6 32. Rd1 Bf4 $6 ({
Íàäî áûëî ïîïûòàòüñÿ ïðîäîëæèòü ëîøàäèíóþ îõîòó. Êîíå÷íî, óïîðíîé çàùèòîé
áåëûå ñâîåãî çàãóëÿâøåãî ñêàêóíà ñïàñàëè, íî ïðè ýòîì òåðÿëè ïåøêó-} 32... Bg5
33. e6 Bf6 34. b4 Ke8 35. Nf7 Rxe6 36. Nd6+ Ke7 37. Nb7 Re3 $17 38. Nc5 Rxa3 {
È çäåñü, íà ìåñòå Ìàãíóñà, ÿ áû óæå íà÷àë «íåìíîãî» áåñïîêîèòüñÿ çà
ðåçóëüòàò ïàðòèè.}) 33. g4 Bxe5 34. Re1 Kf6 35. Rf1+ Ke7 36. Re1 Kf6 37. Rf1+
Kg7 {Âàí Âåëè íå õî÷åò ïîâòîðÿòü ïîçèöèþ - èùåò âûèãðûø.} 38. Rf7+ Kg8 39. b3
Rd6 40. Re7 Bb2 ({À íå ñèëüíåå ëè áûëî ñûãðàòü:} 40... Bf6 41. Re8+ Kg7 42. Nb7
Rd3 {, è áåëûå ïåøêè âèñÿò?}) 41. Re8+ Kg7 42. a4 Rd3 ({
Îïÿòü, êàê ìíå êàæåòñÿ, çàñëóæèâàëî âíèìàíèÿ} 42... Bf6 $5 43. Nb7 Rd3) 43.
axb5 axb5 44. Kg2 Bf6 ({Åñëè áðàòü ïåøêó b3, òî èãðà íåîæèäàííî âûðàâíèâàåòñÿ:
} 44... Rxb3 45. Re7+ Kf6 (45... Kg8 46. Re8+ Kg7 47. Re7+ $11) 46. Rxh7 $11)
45. Nc6 Rxb3 46. Rb8 h5 $6 {Òåïåðü, ïî îêîí÷àíèè ïàðòèè, ÿ ìîãó óâåðåííî
óòâåðæäàòü, ÷òî ýòî íå ëó÷øèé õîä - ìåíÿòü ïåøêè íå ñëåäóåò. Áåëûå
ôîðñèðóþò íè÷üþ!} 47. gxh5 gxh5 48. Na7 b4 49. Nc6 Bc3 50. Nxb4 $3 {
Èíòåðåñíîå ðåøåíèå ïðîáëåìû!} Bxb4 51. h4 $1 {Êàðëñåí ïîñòðîèë çàìå÷àòåëüíóþ
ïîçèöèîííóþ íè÷üþ! ×¸ðíàÿ ëàäüÿ ñâÿçàíà çàùèòîé ñëîíà, ìåíÿòü (ïðè ñëó÷àå)
ëàäüè òîæå íåëüçÿ - ïîëå h1 íå òîãî öâåòà... Ïåøêà ÷¸ðíàÿ çàôèêñèðîâàíà íà
áåëîì ïîëå - è òåïåðü å, ìîæíî çàùèòèòü òîëüêî êîðîë,ì! Äåðæà å, ïîä ïðèöåëîì
è ñëîíà íà ñâÿçêå áåëûå âûíóæäàþò íè÷üþ!} Kf6 52. Rb5 Kg6 53. Rg5+ Kf6 54.
Rb5 ({À ìîæíî è ñðàçó áûëî ñûãðàòü} 54. Rxh5) 54... Ke6 55. Rxh5 {ß óæå ãîòîâ
çàôèêñèðîâàòü íè÷üþ. ;)  Îäíàêî, øóòêè øóòêàìè, íî, íå ñìîòðÿ íà íè÷åéíîå
ñîîòíîøåíèå ìàòåðèàëà, òàêèå ýíäøïèëè èçâåñòíû ñâîèì êîâàðñòâîì. Ïîìíèòñÿ
Ãàððè Êàñïàðîâ âûèãðàë ó Ïîëãàð åù¸ áîëåå íè÷åéíûé ýíäøïèëü - R+N ïðîòèâ R.}
Bd6 56. Rg5 Bf4 57. Rc5 Be5 58. h5 Rg3+ 59. Kf1 Rh3 60. Ke2 Kf5 61. h6 Ke4 62.
Rc4+ Bd4 63. Rc2 Rxh6 {Äàëüíåéøåå óæå ëó÷øå ñìîòðåòü ïî ýíäøïèëüíûì áàçàì ;)}
64. Rd2 Rh3 65. Rc2 Bc3 66. Kd1 Kd4 67. Rf2 Kd3 68. Rd2+ $1 Kc4 (68... Bxd2 {
- ïàò!}) 69. Rf2 Re3 70. Re2 Rd3+ 71. Kc2 Bd4 72. Rd2 Ra3 73. Re2 Be3 74. Kd1
Ra1+ 75. Kc2 Kd4 76. Kb2 Ra8 77. Kb1 Rh8 78. Kc2 Rc8+ 79. Kb3 Kd3 80. Rb2 Bd2
81. Rb1 Ra8 82. Rb2 Ra1 83. Ra2 Rd1 84. Rc2 Ra1 85. Rc3+ $1 Kd4 (85... Bxc3 {
- ïàò!}) 86. Rc4+ Kd5 87. Rg4 Be3 88. Kc2 Bd4 89. Kd3 Ra3+ 90. Ke2 Kc4 91. Rg2
Rh3 92. Kd2 Re3 93. Re2 Ra3 94. Kc2 Be3 95. Kb2 Kb4 96. Kb1 Bd4 97. Kc2 Kc4 98.
Rd2 Be3 99. Re2 Rb3 100. Kd1 Kd3 {
Äîæèëè äî þáèëåÿ, ñ ÷åì âàñ âñåõ è ïîçäðàâëÿþ!} 101. Rd2+ $1 Ke4 (101...
Bxd2 {- ïàò!}) 102. Kc2 Rb8 103. Rd3 Bd4 104. Rd2 Rc8+ 105. Kd1 Be3 106. Rc2
Rf8 107. Ke2 Kd4 108. Kd1 Kd3 109. Rd2+ Bxd2 {
, è ñîïåðíèêè ïîæàëè äðóã äðóãó ðóêè! «Íåäîèãðàâ» 4 õîäà! (63+50=113)}
1/2-1/2